Pepperfish Keys : a Detective Barrett Raines ... Read More
Available copies
- 1 of 1 copy available at LARL/NWRL Consortium.
Current holds
0 current holds with 1 total copy.
Show Only Available Copies
| Location | Call Number / Copy Notes | Barcode | Shelving Location | Status | Due Date |
|---|---|---|---|---|---|
| Roseau Public Library | WIM (Text) | 35500004043483 | Main | Available | - |
Record details
- ISBN: 9780312361396
- ISBN: 0312361394
- Physical Description: 323 p. ; 22 cm.
- Edition: 1st ed.
- Publisher: New York : Thomas Dunne Books, 2007.
Search for related items by subject
| Subject: | African American police > Fiction. African Americans > Fiction. Florida > Fiction. |
| Genre: | Mystery fiction. |
| LDR | 00912cam a22002778a 4500 | ||
|---|---|---|---|
| 001 | 81446 | ||
| 003 | LARL_NWRL_CONSORTIUM | ||
| 005 | 20070503150137.0 | ||
| 008 | 070314s2007 nyu 000 1 eng | ||
| 010 | . | ‡a2007010838 | |
| 020 | . | ‡a9780312361396 | |
| 020 | . | ‡a0312361394 | |
| 040 | . | ‡aDLC ‡cDLC ‡dDLC | |
| 043 | . | ‡an-us-fl | |
| 082 | 0 | 0. | ‡a813/.54 ‡222 |
| 100 | 1 | . | ‡aWimberley, Darryl. ‡0(LARL_NWRL_CONSORTIUM)142042 |
| 245 | 1 | 0. | ‡aPepperfish Keys : ‡ba Detective Barrett Raines mystery / ‡cDarryl Wimberley. |
| 250 | . | ‡a1st ed. | |
| 260 | . | ‡aNew York : ‡bThomas Dunne Books, ‡c2007. | |
| 300 | . | ‡a323 p. ; ‡c22 cm. | |
| 650 | 0. | ‡aAfrican American police ‡vFiction. ‡0(LARL_NWRL_CONSORTIUM)163326 | |
| 650 | 0. | ‡aAfrican Americans ‡vFiction. ‡0(LARL_NWRL_CONSORTIUM)163084 | |
| 651 | 0. | ‡aFlorida ‡vFiction. ‡0(LARL_NWRL_CONSORTIUM)164960 | |
| 655 | 7. | ‡aMystery fiction. ‡2gsafd | |
| 901 | . | ‡a81446 ‡bISxN ‡c81446 ‡tbiblio | |

Add to basket
Permalink
Disable Highlighting